Možnosti využitia environmentálneho marketingu v podmienkach medzinárodného trhu bakalárska práca

Gespeichert in:
Bibliographische Detailangaben
1. Verfasser: Šedivá, Ľubica
Körperschaft: Obchodná fakulta EU. Katedra tovaroznalectva a kvality tovaru
Weitere Verfasser: Strhan, Rastislav, 1968-
Format: Buch
Sprache:Slowakisch
Veröffentlicht: Bratislava 2011
Tags: Tag hinzufügen
Keine Tags, Fügen Sie das erste Tag hinzu!

MARC

LEADER 00000nam a2200000 4500
001 0151917
005 20240320072059.8
041 0 |a slo 
044 |a SK 
245 1 0 |a Možnosti využitia environmentálneho marketingu v podmienkach medzinárodného trhu  |b bakalárska práca  |c Ľubica Šedivá ; školiteľ: Rastislav Strhan 
264 1 |a Bratislava  |c 2011 
300 |a 45 s. 
100 1 |a Šedivá, Ľubica 
700 1 |a Strhan, Rastislav, 1968- 
710 2 |a Obchodná fakulta EU. Katedra tovaroznalectva a kvality tovaru